| 000 | 00619cam a2200217 a 4500 | ||
|---|---|---|---|
| 999 |
_c6735 _d6735 |
||
| 001 | 6221 | ||
| 003 | BD-DhUAP | ||
| 005 | 20210106144258.0 | ||
| 008 | 200301s1998 ii abf b f000 0 eng | ||
| 020 | _a8185617759 | ||
| 040 |
_aBD-DhUAP _cBD-DhUAP _dBD-DhUAP _bEng |
||
| 082 |
_a808.53014 HAN _223 |
||
| 100 | _aHanson, Jim. | ||
| 245 |
_aNTC's dictionary of debate / _cJim Hanson. |
||
| 250 | _aFirst South Asian edition. | ||
| 260 |
_aNew Delhi : _bNTC, _cc1998. |
||
| 300 |
_aviii, 196 pages ; _c19 cm. |
||
| 650 | _aDebates and debating. | ||
| 942 |
_2ddc _cBK |
||